Le plus grand pays de ... #2 - Statistiques

Statistiques générales
  • Ce quiz a été pris 229 fois
  • Le résultat moyen est 10 sur 18
Statistiques - réponses
Le plus gros de ... Pays % Correct
Bassin méditerranéen Algerie
82%
Portugais parlant Bresil
81%
Amérique centrale Nicaragua
78%
Les pays nordiques Suede
78%
Serbo-croate parlant Serbie
74%
Afrique sub-saharienne RD Congo
71%
Berbère parlant Algerie
66%
Pays enclavé des Amériques Bolivie
66%
Pays enclavé en Afrique Tchad
61%
sans frontières terrestres Australie
60%
Pays insulaire européen Royaume-Uni
60%
Pays enclavé Kazakhstan
59%
Pays enclavé en Europe Bielorussie
53%
UE, tous territoires confondus Danemark
37%
*Sur une île Indonesie
34%
sans rivières Arabie Saoudite
14%
sans serpents Nouvelle-Zélande
13%
sans montagnes Bielorussie
3%
Aucun quiz correspondant
Distribution des résultats
% des personnes avec chaque résultat
Percentile par nombre de réponses
Votre historique - résultats
Vous n’avez pas pris ce quiz